NAQT Music- Musicals #1 - Statistics

General Stats
  • This quiz has been taken 53 times
    46 since last reset
  • The average score is 7 of 10
Answer Stats
Hint Answer % Correct
Maria, Austria, von Trapp, Rodgers and Hammerstein The Sound of Music
92%
Christine Daae, Raoul, Paris Opera, Chandelier, Andrew Lloyd Webber and Charles Hart The Phantom of the Opera
87%
Jets, Sharks, Romeo and Juliet, Bernstein, Sondheim, and Laurents. West Side Story
87%
Jellicle tribe, London, Mungojerrie, Rumpleteazer, Mr. Mistoffelees, Old Deuteronomy, Andrew Lloyd Webber. Cats
85%
Che, Eva Peron, Argentina, Tim Rice and Andrew Lloyd Webber Evita
82%
Colonel Pickering, Henry Higgins, Eliza Doolittle, Adaptation of Pygmalion, Alan Jay Learner. My Fair Lady
77%
Kit-Kat Club, Berlin, Weimar, Sally Bowles, Cliff Bradshaw Cabaret
69%
Teyve, Russia, Tzeitel, Hodel, Chava, Motel, Perchik, Fyedka, pogrom Fiddler on the Roof
56%
Curly McLain, Judd, Laurey, Rodgers and Hammerstein. Oklahoma!
44%
Japan, illegal flirting, Ko-Ko, Nanki-Poo, Yum-Yum marry, Arthur Sullivan and W.S Gilbert The Mikado
28%
No matching quizzes found
Score Distribution
Percent of People with Each Score
Percentile by Number Answered
Your Score History
You have not taken this quiz since the last reset